[Event "World Rapid Team 2023"]
[Site "Dusseldorf GER"]
[Date "2023.08.27"]
[Round "7.17"]
[Board "1"]
[White "Li, Yunqi"]
[Black "Helbig, Mark"]
[Result "0-1"]
[BlackTitle "FM"]
[WhiteElo "1659"]
[BlackElo "2307"]
[WhiteTeam "Deutsche Schachjugend 2"]
[BlackTeam "Neustadt Weinstrasse"]
[WhiteFideId "34610618"]
[BlackFideId "4675622"]
[EventDate "2023.08.26"]

1. e4 c6 2. d4 d5 3. exd5 cxd5 4. c4 Nf6 5. Nc3 Nc6 6. Bg5 Ne4 7. Nxe4 dxe4 8.
d5 Ne5 9. Qd4 f6 10. Bf4 Ng6 11. Bd2 Bf5 12. Ne2 e5 13. Qc3 a5 14. Ng3 Qc8 15.
Nxf5 Qxf5 16. c5 Rc8 17. Bb5+ Kf7 18. d6 Nf4 19. Qb3+ Ne6 20. Be3 Rd8 21. Bc4
Rd7 22. O-O g5 23. Bxe6+ Qxe6 24. Qxe6+ Kxe6 25. a3 h6 26. b4 axb4 27. axb4 f5
28. b5 f4 29. Bd2 Bg7 30. Bb4 Rc8 31. Rac1 Bf8 32. Rfd1 g4 33. c6 bxc6 34. bxc6
Rxd6 35. Bxd6 Bxd6 36. Rd2 Rc7 37. h3 h5 38. h4 f3 39. g3 Bf8 40. Rd8 Bh6 41.
Rc2 e3 42. fxe3 Bxe3+ 43. Kh2 Bb6 44. Rh8 e4 45. Rh6+ Kd5 46. Rxh5+ Kd4 47. Rb5
Kd3 48. Rc1 Kd2 49. Rc4 Kd3 50. Rc1 Kd2 51. Rc4 e3 52. Rd5+ Ke2 53. Rc2+ Ke1 54.
Rc1+ 0-1

[Event "World Rapid Team 2023"]
[Site "Dusseldorf GER"]
[Date "2023.08.27"]
[Round "7.17"]
[Board "2"]
[White "Schulz-Knappe, Florian"]
[Black "Lorenz, Veronika"]
[Result "1-0"]
[WhiteElo "2137"]
[BlackElo "1668"]
[WhiteTeam "Neustadt Weinstrasse"]
[BlackTeam "Deutsche Schachjugend 2"]
[WhiteFideId "4627580"]
[BlackFideId "16277406"]
[EventDate "2023.08.26"]

1. d4 Nf6 2. Nc3 g6 3. e4 d6 4. Nf3 Bg7 5. Bd3 O-O 6. O-O Nbd7 7. h3 e5 8. dxe5
dxe5 9. Bg5 c6 10. a4 h6 11. Be3 Qe7 12. Nd2 Nc5 13. Bc4 Ne6 14. a5 Nd4 15. Na4
Rd8 16. c3 Ne6 17. f3 Qc7 18. Qe1 Nf4 19. Nc5 Bf8 20. Ndb3 Bd7 21. Kh2 Rab8 22.
Qf2 b6 23. Na6 Qb7 24. axb6 axb6 25. Nxb8 Rxb8 26. Rfd1 Be6 27. Bxe6 Nxe6 28.
Qh4 g5 29. Qf2 c5 30. Nd2 b5 31. Nb3 Qc6 32. Ra7 Qb6 33. Rda1 Rd8 34. R1a6 Qb8
35. Nxc5 Nxc5 36. Bxc5 Nd7 37. Bxf8 Nxf8 38. Qb6 Qc8 39. Qxh6 Rd2 40. Qxg5+ 1-0

[Event "World Rapid Team 2023"]
[Site "Dusseldorf GER"]
[Date "2023.08.27"]
[Round "7.17"]
[Board "3"]
[White "Mueller, Konstantin"]
[Black "Teuffer, Michael"]
[Result "0-1"]
[WhiteElo "1696"]
[BlackElo "2189"]
[WhiteTeam "Deutsche Schachjugend 2"]
[BlackTeam "Neustadt Weinstrasse"]
[WhiteFideId "34661778"]
[BlackFideId "24680427"]
[EventDate "2023.08.26"]

1. e4 c5 2. c3 d5 3. exd5 Qxd5 4. d4 Nc6 5. Nf3 Bg4 6. Be2 cxd4 7. cxd4 e6 8.
Nc3 Qa5 9. O-O Nf6 10. Bf4 Be7 11. h3 Bh5 12. Re1 O-O 13. Qd2 Rfd8 14. Nb5 Bb4
15. Qc2 Nd5 16. Bg5 Bxe1 17. Bxd8 Rxd8 18. Nxe1 Bg6 19. Qb3 a6 20. Nc3 Nxd4 21.
Qd1 Nxc3 22. bxc3 Nf3+ 23. Nxf3 Rxd1+ 24. Rxd1 h6 25. Bc4 Qxc3 26. Bb3 b5 27.
Rd8+ Kh7 28. Ra8 a5 29. Rd8 a4 30. Bd1 Qc1 31. Kf1 Qc4+ 32. Be2 Qxa2 33. Ne1 b4
34. Bd3 Bxd3+ 35. Nxd3 Qb1+ 36. Ke2 Qc2+ 37. Ke3 b3 38. Ra8 b2 39. Nxb2 Qxb2 40.
Rxa4 Qb3+ 0-1

[Event "World Rapid Team 2023"]
[Site "Dusseldorf GER"]
[Date "2023.08.27"]
[Round "7.17"]
[Board "4"]
[White "Gaab, Wolfgang"]
[Black "Czaeczine, Paula"]
[Result "1-0"]
[WhiteElo "2060"]
[BlackElo "1588"]
[WhiteTeam "Neustadt Weinstrasse"]
[BlackTeam "Deutsche Schachjugend 2"]
[WhiteFideId "24679054"]
[BlackFideId "16249305"]
[EventDate "2023.08.26"]

1. d4 d5 2. Nf3 c5 3. e3 Nc6 4. c3 Nf6 5. Bd3 e6 6. Nbd2 Be7 7. O-O O-O 8. Re1
c4 9. Bc2 b5 10. a3 a5 11. Qe2 Bb7 12. Ne5 Nxe5 13. dxe5 Nd7 14. f4 b4 15. Nf3
Qb6 16. Nd4 Nc5 17. Bd2 b3 18. Bb1 Rac8 19. Rf1 g6 20. Rf3 Kg7 21. g4 f5 22. g5
Ne4 23. h4 Rh8 24. h5 Kf7 25. Rh3 a4 26. Bxe4 dxe4 27. Qh2 Qd8 28. Kf2 Bd5 29.
Rh1 Kg7 30. hxg6 1-0

[Event "World Rapid Team 2023"]
[Site "Dusseldorf GER"]
[Date "2023.08.27"]
[Round "7.17"]
[Board "5"]
[White "Bohatyrova, Mariia"]
[Black "Mader, Lena"]
[Result "0-1"]
[WhiteElo "1398"]
[BlackElo "1841"]
[WhiteTeam "Deutsche Schachjugend 2"]
[BlackTeam "Neustadt Weinstrasse"]
[WhiteFideId "34165789"]
[BlackFideId "24653560"]
[EventDate "2023.08.26"]

1. e4 c6 2. d4 d5 3. exd5 cxd5 4. Nf3 Nc6 5. c4 Nf6 6. Nc3 g6 7. Be3 Bg7 8. Be2
O-O 9. O-O h6 10. Re1 Be6 11. b3 Bf5 12. Rc1 Rc8 13. h3 Kh7 14. Bd3 Bxd3 15.
Qxd3 e6 16. a3 Na5 17. c5 Nxb3 18. Rb1 Na5 19. Bd2 b6 20. cxb6 axb6 21. Na4 Nc4
22. Rec1 Ra8 23. Nc3 Rxa3 24. Nb5 Rxd3 25. Bb4 Re8 26. Ne1 Ne4 27. Nxd3 Ned2 28.
Bxd2 Nxd2 29. Rb2 Nc4 30. Rbc2 Qh4 31. Ne5 Bxe5 32. dxe5 Qg5 33. Nd6 Nxd6 34.
exd6 Rd8 35. Rc7 Qxc1+ 36. Rxc1 Rxd6 37. Rc7 Kg7 38. Kf1 d4 39. Ke2 e5 40. Kd3
e4+ 41. Kd2 Kf6 42. g3 Ke6 43. Ke2 f5 44. Rg7 Kd5 45. Rc7 b5 46. Rb7 Kc4 47.
Rc7+ Kb3 48. Rc5 b4 49. Rc1 Kb2 50. Rc4 d3+ 51. Kd2 b3 52. Rc3 Rb6 53. Rc4 Ra6
54. Rc5 Ka2 55. Rb5 0-1

[Event "World Rapid Team 2023"]
[Site "Dusseldorf GER"]
[Date "2023.08.27"]
[Round "7.18"]
[Board "1"]
[White "Dyachuk, Artem"]
[Black "Kraus, Sebastian"]
[Result "1-0"]
[WhiteTitle "FM"]
[WhiteElo "2242"]
[BlackElo "1904"]
[WhiteTeam "Chess Wizzards"]
[BlackTeam "Unischach Bayreuth"]
[WhiteFideId "34107924"]
[BlackFideId "24690260"]
[EventDate "2023.08.26"]

1. e4 e5 2. Nf3 Nc6 3. Bc4 Nf6 4. d3 Be7 5. c3 O-O 6. O-O d6 7. Nbd2 Nd7 8. h3
Bf6 9. Re1 Nc5 10. Nf1 Be6 11. Bb5 Ne7 12. Ng3 a6 13. Bc4 Bxc4 14. dxc4 g6 15.
Bh6 Bg7 16. Qd2 Ne6 17. Rad1 Qc8 18. h4 Kh8 19. h5 Ng8 20. Bxg7+ Kxg7 21. Qe3
Nf4 22. c5 Qe6 23. cxd6 cxd6 24. Qb6 Rad8 25. Rd2 Nf6 26. Red1 N6xh5 27. Rxd6
Rxd6 28. Qxd6 Re8 29. Qxe6 Rxe6 30. Rd7 b5 31. Nxh5+ gxh5 32. g3 Ne2+ 33. Kf1
Nc1 34. Rd1 Nxa2 35. Ra1 Nxc3 36. bxc3 f6 37. Ke2 Rd6 38. Nh4 Kf7 39. Nf5 Rc6
40. Kd3 Ke6 41. Rh1 a5 42. Rxh5 b4 43. Rxh7 Rxc3+ 44. Kd2 1-0

[Event "World Rapid Team 2023"]
[Site "Dusseldorf GER"]
[Date "2023.08.27"]
[Round "7.18"]
[Board "2"]
[White "Braun, Kristin"]
[Black "Nechitaylo, Nikita"]
[Result "0-1"]
[WhiteElo "1906"]
[BlackElo "2116"]
[WhiteTeam "Unischach Bayreuth"]
[BlackTeam "Chess Wizzards"]
[WhiteFideId "24656534"]
[BlackFideId "34138161"]
[EventDate "2023.08.26"]

1. e4 c5 2. Nf3 Nc6 3. d4 cxd4 4. Nxd4 g6 5. c4 Bg7 6. Be3 Nf6 7. Nc3 O-O 8. Be2
d6 9. O-O Nxd4 10. Bxd4 Bd7 11. Rc1 Bc6 12. f3 a5 13. Nd5 Nd7 14. Bxg7 Kxg7 15.
Qd4+ Kg8 16. Rfd1 Bxd5 17. cxd5 Nc5 18. Rc2 Qd7 19. Rdc1 b5 20. e5 Rfc8 21. f4
Rc7 22. Bf3 Rac8 23. Qd2 b4 24. Qe2 h5 25. g4 h4 26. g5 Qa4 27. b3 Qa3 28. Bg4
Rb8 29. e6 a4 30. exf7+ Kxf7 31. Be6+ Kf8 32. Qf2 Nxe6 33. Rxc7 Nxc7 34. Rxc7
axb3 35. axb3 Qa1+ 36. Kg2 Ra8 37. Rc2 Qd1 38. Qe2 Qxd5+ 39. Kh3 Qf5+ 40. Kg2
Qxf4 41. Qf2 Qxf2+ 42. Rxf2+ Kg7 43. Kh3 Ra3 44. Rf3 e5 45. Kxh4 Ra2 46. Kg3 e4
47. Re3 d5 48. h4 Rd2 49. Kf4 Rc2 50. Rh3 Rc3 51. Rh1 Rxb3 52. Rd1 Rf3+ 53. Ke5
Rd3 54. Rb1 b3 55. Rb2 e3 56. Kf4 d4 57. Ke4 Rd2 58. Rxb3 e2 59. Rb7+ Kf8 60.
Rb1 Rd1 0-1

[Event "World Rapid Team 2023"]
[Site "Dusseldorf GER"]
[Date "2023.08.27"]
[Round "7.18"]
[Board "3"]
[White "Korchynskyi, Mykola"]
[Black "Strahl, Christian"]
[Result "1-0"]
[WhiteElo "2016"]
[BlackElo "1857"]
[WhiteTeam "Chess Wizzards"]
[BlackTeam "Unischach Bayreuth"]
[WhiteFideId "34138005"]
[BlackFideId "12955019"]
[EventDate "2023.08.26"]

1. d4 Nf6 2. c4 c5 3. d5 b5 4. cxb5 a6 5. bxa6 g6 6. Nc3 Bg7 7. e4 O-O 8. Nf3
Qa5 9. Bd3 Nxd5 10. exd5 Bxc3+ 11. bxc3 Qxc3+ 12. Qd2 Qxa1 13. O-O Qg7 14. Bb2
f6 15. d6 Bxa6 16. dxe7 Qxe7 17. Re1 Qf7 18. Be4 Bc4 19. Bxa8 Na6 20. Be4 Nb4
21. a3 Na6 22. Qc3 d5 23. Bd3 Bxd3 24. Qxd3 Nc7 25. Qc3 Ne6 26. h4 h6 27. Qd2
Kh7 28. Qxd5 Nf4 1-0

[Event "World Rapid Team 2023"]
[Site "Dusseldorf GER"]
[Date "2023.08.27"]
[Round "7.18"]
[Board "4"]
[White "Glock, Benjamin"]
[Black "Tarasenko, Nazar"]
[Result "0-1"]
[WhiteElo "1782"]
[BlackElo "1888"]
[WhiteTeam "Unischach Bayreuth"]
[BlackTeam "Chess Wizzards"]
[WhiteFideId "12942103"]
[BlackFideId "34161430"]
[EventDate "2023.08.26"]

1. d4 Nf6 2. Bg5 g6 3. Bxf6 exf6 4. c4 c5 5. g3 cxd4 6. Qxd4 Nc6 7. Qe4+ Be7 8.
Nc3 O-O 9. Nf3 f5 10. Qc2 Bf6 11. Bg2 d6 12. O-O Be6 13. b3 Qa5 14. Rac1 Rac8
15. Nb5 Rfd8 16. Rfd1 d5 17. Nbd4 Nxd4 18. Nxd4 Bxd4 19. Rxd4 dxc4 20. Rxd8+
Qxd8 21. bxc4 Rxc4 22. Qb1 Rxc1+ 23. Qxc1 Bxa2 24. Bxb7 a5 25. Qc2 Be6 26. h4 h5
27. Bf3 Qd4 28. e3 Qa1+ 29. Kg2 a4 30. e4 fxe4 31. Bxe4 Kg7 32. f4 a3 33. f5
gxf5 0-1

[Event "World Rapid Team 2023"]
[Site "Dusseldorf GER"]
[Date "2023.08.27"]
[Round "7.18"]
[Board "5"]
[White "Nechitaylo, Lev"]
[Black "Holoubek, Jonas"]
[Result "1-0"]
[WhiteElo "1462"]
[BlackElo "1570"]
[WhiteTeam "Chess Wizzards"]
[BlackTeam "Unischach Bayreuth"]
[WhiteFideId "34141383"]
[BlackFideId "16283260"]
[EventDate "2023.08.26"]

1. e4 d5 2. exd5 Nf6 3. Nc3 Nxd5 4. Nxd5 Qxd5 5. Nf3 g6 6. d4 Bg7 7. c4 Qa5+ 8.
Bd2 Qb6 9. Bc3 Bg4 10. Be2 Nc6 11. c5 Qb4 12. Bxb4 Nxb4 13. Qb3 Nc6 14. Qxb7 1-0

[Event "World Rapid Team 2023"]
[Site "Dusseldorf GER"]
[Date "2023.08.27"]
[Round "7.18"]
[Board "6"]
[White "Hollstein, Jonas"]
[Black "Shynkar, Daria"]
[Result "1-0"]
[WhiteElo "1495"]
[BlackElo "1318"]
[WhiteTeam "Unischach Bayreuth"]
[BlackTeam "Chess Wizzards"]
[WhiteFideId "16266870"]
[BlackFideId "34163212"]
[EventDate "2023.08.26"]

1. e4 c5 2. Nc3 Nc6 3. g3 e6 4. Bg2 g6 5. d3 Bg7 6. Be3 d6 7. Qd2 Nge7 8. Bh6
O-O 9. h4 Nd4 10. Bxg7 Kxg7 11. h5 Ng8 12. hxg6 fxg6 13. O-O-O e5 14. f4 Bg4 15.
Rf1 b5 16. Nge2 Nxe2+ 17. Nxe2 a5 18. Bh3 Qd7 19. f5 Bxh3 20. Rxh3 Rf7 21. g4
Kf8 22. Ng3 Ke8 23. g5 Ne7 24. Rfh1 Kd8 25. Rxh7 Rxh7 26. Rxh7 Kc7 27. f6 Kc6
28. Rxe7 Qh3 29. Qf2 1-0

[Event "World Rapid Team 2023"]
[Site "Dusseldorf GER"]
[Date "2023.08.27"]
[Round "8.1"]
[Board "3"]
[White "Vidit, Santosh Gujrathi"]
[Black "Svane, Rasmus"]
[Result "1-0"]
[WhiteTitle "GM"]
[BlackTitle "GM"]
[WhiteElo "2723"]
[BlackElo "2631"]
[WhiteTeam "Freedom"]
[BlackTeam "Germany and Friends"]
[WhiteFideId "5029465"]
[BlackFideId "4657101"]
[EventDate "2023.08.26"]

1. e4 e5 2. Nf3 Nc6 3. Bc4 Nf6 4. d3 Bc5 5. O-O d6 6. c3 h6 7. Re1 O-O 8. Nbd2
Bb6 9. h3 Ne7 10. a4 c6 11. d4 Ng6 12. Bf1 Re8 13. Qc2 Bc7 14. dxe5 Nxe5 15.
Nxe5 dxe5 16. Nc4 Be6 17. b4 a5 18. Be3 Bxc4 19. Bxc4 Bb6 20. Rad1 Qc7 21. Bc1
axb4 22. cxb4 Bd4 23. Rd3 Re7 24. Rf3 b5 25. Bb3 Qd6 26. axb5 cxb5 27. Bd2 Rea7
28. Kh2 Qb6 29. Re2 Ra1 30. Bc3 Rf1 31. Bxd4 Qxd4 32. Qc6 Rd8 33. Rxf6 gxf6 34.
Qxf6 Rd7 35. Rc2 1-0

[Event "World Rapid Team 2023"]
[Site "Dusseldorf GER"]
[Date "2023.08.27"]
[Round "8.1"]
[Board "4"]
[White "Kollars, Dmitrij"]
[Black "Rapport, Richard"]
[Result "0-1"]
[WhiteTitle "GM"]
[BlackTitle "GM"]
[WhiteElo "2628"]
[BlackElo "2752"]
[WhiteTeam "Germany and Friends"]
[BlackTeam "Freedom"]
[WhiteFideId "12909572"]
[BlackFideId "738590"]
[EventDate "2023.08.26"]

1. e4 e6 2. d4 d5 3. e5 c5 4. c3 Bd7 5. Nf3 Nc6 6. Be2 Nge7 7. O-O Ng6 8. Be3
Be7 9. a3 O-O 10. b4 c4 11. Nbd2 f5 12. exf6 Bxf6 13. Qc2 Be8 14. Rad1 b5 15.
Rfe1 a5 16. Nf1 Nge7 17. Ng3 Bg6 18. Qb2 Nf5 19. Bf4 Rf7 20. Bf1 Nxg3 21. hxg3
Bf5 22. Ne5 Bxe5 23. Bxe5 Rfa7 24. Qc1 axb4 25. axb4 Ra2 26. Qf4 Rc2 27. g4 Bg6
28. Rc1 Rxc1 29. Rxc1 Nxe5 30. Qxe5 Qf6 31. Qg3 h6 32. Re1 Ra2 33. Qe3 Kh7 34.
Re2 Ra1 35. Re1 Ra2 36. Re2 Ra6 37. f3 Qh4 38. Qc1 Qg3 39. Qb2 Bd3 40. Re3 Kg8
41. Re5 Kf7 42. Re3 Qh4 43. Re5 Bxf1 44. Kxf1 Ra1+ 0-1

[Event "World Rapid Team 2023"]
[Site "Dusseldorf GER"]
[Date "2023.08.27"]
[Round "8.1"]
[Board "5"]
[White "Shuvalova, Polina"]
[Black "Bashylina, Luisa"]
[Result "1-0"]
[WhiteTitle "IM"]
[BlackTitle "WFM"]
[WhiteElo "2496"]
[BlackElo "2152"]
[WhiteTeam "Freedom"]
[BlackTeam "Germany and Friends"]
[WhiteFideId "24171760"]
[BlackFideId "12983292"]
[EventDate "2023.08.26"]

1. e4 c5 2. Nf3 d6 3. Bb5+ Nd7 4. O-O a6 5. Bd3 Ngf6 6. Re1 e6 7. Bf1 Be7 8. c3
O-O 9. a4 b6 10. d4 Bb7 11. Bd3 Qc7 12. Bg5 e5 13. Nbd2 h6 14. Bh4 Rfe8 15. h3
Nf8 16. Bg3 Ng6 17. dxe5 dxe5 18. Nc4 Nd7 19. Qb3 Rad8 20. Rad1 Bc6 21. Ne3 Qb7
22. Bc4 Rf8 23. Bd5 b5 24. axb5 axb5 25. c4 b4 26. Nf5 Rfe8 27. Bxc6 Qxc6 28.
Rd5 Bf8 29. Red1 Be7 30. R1d2 Kh8 31. Qd1 Ngf8 32. Nxe7 Rxe7 33. Nxe5 Qb7 34. f3
f6 35. Ng4 Rde8 36. Kh1 Nb6 37. Rxc5 Ne6 38. Rb5 Qa7 39. Bf2 Rb8 40. Rd6 Qa4 41.
Qxa4 1-0

[Event "World Rapid Team 2023"]
[Site "Dusseldorf GER"]
[Date "2023.08.27"]
[Round "8.2"]
[Board "1"]
[White "Eljanov, Pavel"]
[Black "Harikrishna, Pentala"]
[Result "1/2-1/2"]
[WhiteTitle "GM"]
[BlackTitle "GM"]
[WhiteElo "2695"]
[BlackElo "2711"]
[WhiteTeam "Ashdod Elit Chess Club"]
[BlackTeam "Team MGD1"]
[WhiteFideId "14102951"]
[BlackFideId "5007003"]
[EventDate "2023.08.26"]

1. d4 d5 2. c4 e6 3. Nc3 Nf6 4. cxd5 exd5 5. Bg5 Be7 6. e3 O-O 7. Bd3 c6 8. h3
Ne4 9. Bxe7 Qxe7 10. Bxe4 dxe4 11. Nge2 Nd7 12. g4 Nb6 13. Ng3 f5 14. gxf5 Bxf5
15. Qc2 Rae8 16. O-O-O Nd5 17. Kb1 Qh4 18. Nxd5 cxd5 19. Nxf5 Rxf5 20. f4 Qe7
21. h4 Rf6 22. Rc1 Rc6 23. Qb3 Qd7 24. Rxc6 bxc6 25. h5 h6 26. Rg1 Kh7 27. Qc2
Re6 28. a3 Rf6 29. Qg2 Kg8 30. Qg3 Kh7 31. Qh4 Qf5 32. Kc2 Qd7 33. Qg3 Kg8 34.
Qg4 Qf7 35. Qc8+ Kh7 36. Rh1 Rf5 37. Qxc6 Rxh5 38. Rg1 Rh3 39. Kd2 Rh2+ 40. Kc1
Qh5 41. Qd7 Rg2 42. Rxg2 Qh1+ 43. Kc2 Qxg2+ 44. Kc3 Qe2 45. Qf5+ Kh8 46. Qf8+
Kh7 47. Qf5+ Kh8 1/2-1/2

[Event "World Rapid Team 2023"]
[Site "Dusseldorf GER"]
[Date "2023.08.27"]
[Round "8.2"]
[Board "2"]
[White "Nihal, Sarin"]
[Black "Volokitin, Andrei"]
[Result "1/2-1/2"]
[WhiteTitle "GM"]
[BlackTitle "GM"]
[WhiteElo "2684"]
[BlackElo "2661"]
[WhiteTeam "Team MGD1"]
[BlackTeam "Ashdod Elit Chess Club"]
[WhiteFideId "25092340"]
[BlackFideId "14107090"]
[EventDate "2023.08.26"]

1. Nf3 c5 2. e3 Nf6 3. b3 g6 4. Bb2 Bg7 5. d4 cxd4 6. Nxd4 O-O 7. Be2 Nc6 8. O-O
Nxd4 9. Bxd4 d5 10. Nd2 Bf5 11. c4 Rc8 12. Nf3 dxc4 13. bxc4 Ne4 1/2-1/2

[Event "World Rapid Team 2023"]
[Site "Dusseldorf GER"]
[Date "2023.08.27"]
[Round "8.2"]
[Board "4"]
[White "Sadhwani, Raunak"]
[Black "Galperin, Platon"]
[Result "1/2-1/2"]
[WhiteTitle "GM"]
[BlackTitle "GM"]
[WhiteElo "2624"]
[BlackElo "2566"]
[WhiteTeam "Team MGD1"]
[BlackTeam "Ashdod Elit Chess Club"]
[WhiteFideId "35093487"]
[BlackFideId "14165414"]
[EventDate "2023.08.26"]

1. d4 d5 2. c4 e6 3. Nf3 Nf6 4. g3 Be7 5. Bg2 O-O 6. O-O Nbd7 7. Qc2 a5 8. Nbd2
c5 9. cxd5 Nxd5 10. a3 cxd4 11. Nxd4 Nc5 12. Rd1 Bd7 13. e4 Nf6 14. b3 Rc8 15.
Qb1 b5 16. Bb2 Qb6 17. N4f3 Bc6 18. Bd4 Qb8 19. e5 Nd5 20. Rc1 Bb7 21. h4 h6 22.
Bf1 b4 23. axb4 axb4 24. Ra5 Nc3 25. Bxc3 bxc3 26. Rxc3 Rfd8 27. b4 Nd7 28. Rxc8
Rxc8 29. Bd3 Bd8 30. Ra3 Nxe5 31. Nxe5 Qxe5 32. Be4 Bxe4 33. Qxe4 Qb2 34. Rd3
Be7 35. Qb7 Rc1+ 36. Kg2 Qxb4 37. Rd8+ Kh7 38. Rd7 Bf8 39. Rxf7 Qxd2 40. Rxf8
Qe2 41. Qf3 Qf1+ 42. Kh2 Qg1+ 43. Kh3 Qf1+ 44. Qg2 Qxg2+ 45. Kxg2 h5 46. Kf3 Kg6
47. Ra8 Kf6 48. Rf8+ Kg6 49. Ke4 Rc5 50. Rd8 Kf6 51. Rf8+ 1/2-1/2

[Event "World Rapid Team 2023"]
[Site "Dusseldorf GER"]
[Date "2023.08.27"]
[Round "8.2"]
[Board "5"]
[White "Muzychuk, Mariya"]
[Black "Dronavalli, Harika"]
[Result "1/2-1/2"]
[WhiteTitle "GM"]
[BlackTitle "GM"]
[WhiteElo "2511"]
[BlackElo "2500"]
[WhiteTeam "Ashdod Elit Chess Club"]
[BlackTeam "Team MGD1"]
[WhiteFideId "14114550"]
[BlackFideId "5015197"]
[EventDate "2023.08.26"]

1. e4 e5 2. Nf3 Nc6 3. Bc4 d6 4. O-O Be7 5. d4 Nf6 6. d5 Nb8 7. Bd3 O-O 8. c4 a5
9. Nc3 Na6 10. a3 Nc5 11. Bc2 Bg4 12. Be3 Nfd7 13. b3 Nb6 14. h3 Bxf3 15. Qxf3
Bg5 16. b4 Na6 17. Bxb6 cxb6 18. Rab1 axb4 19. axb4 Rc8 20. Qe2 g6 21. Bd3 Kh8
22. g3 Bh6 23. f4 exf4 24. gxf4 Qh4 25. Qg4 Qf6 26. Nb5 Nc7 27. e5 dxe5 28. Nxc7
Rxc7 29. fxe5 Qxe5 30. Rbe1 Qd6 31. Qd4+ Bg7 32. Qf4 Qxf4 33. Rxf4 Rd7 34. Bf1
Bc3 35. Rb1 Ra8 36. c5 Rxd5 37. Rxf7 Rg5+ 38. Kh1 Bd4 39. Bg2 bxc5 40. bxc5 Rxc5
41. Rfxb7 Rf8 42. Rd7 Be3 43. Re1 Bh6 44. Rf1 Rxf1+ 45. Bxf1 Be3 46. Re7 Bd4 47.
Kg2 Rg5+ 48. Kh2 Bg1+ 49. Kh1 Bc5 50. Re8+ Kg7 51. Bg2 Rf5 52. Rd8 Rf7 53. Rb8
Rf5 54. Rb7+ Kh6 55. Rd7 Re5 56. Rd5 Re1+ 57. Kh2 Bb6 58. Bf3 Rf1 59. Kg3 Bc7+
60. Kg2 Ra1 61. Rd2 Bf4 62. Rc2 Kg5 63. Re2 Ra3 64. Re7 h5 65. Re6 Kf5 66. Re2
Kf6 67. Rc2 Kg5 68. Re2 Kh4 69. Re4 g5 70. Re8 Ra2+ 71. Be2 Rb2 72. Re7 Ra2 73.
Re8 Rb2 74. Re7 Ra2 75. Re8 1/2-1/2

[Event "World Rapid Team 2023"]
[Site "Dusseldorf GER"]
[Date "2023.08.27"]
[Round "8.3"]
[Board "6"]
[White "Peter Anand, A"]
[Black "Blonder, Daniel"]
[Result "0-1"]
[WhiteElo "1949"]
[BlackElo "1824"]
[WhiteTeam "Team MGD1"]
[BlackTeam "Ashdod Elit Chess Club"]
[WhiteFideId "25003801"]
[BlackFideId "2841754"]
[EventDate "2023.08.26"]

1. d4 Nf6 2. c4 g6 3. Nc3 Bg7 4. e4 d6 5. Be2 O-O 6. Be3 c5 7. dxc5 Qa5 8. Qd2
dxc5 9. f3 Nc6 10. Nd5 Qxd2+ 11. Bxd2 Nxd5 12. cxd5 Nd4 13. Rc1 b6 14. Bc3 e6
15. Bc4 b5 16. Bxd4 Bxd4 17. Bxb5 Rb8 18. Bd3 Rxb2 19. Ne2 Be3 20. Rd1 Rxa2 21.
Bc4 Rc2 22. Bd3 Rb2 23. Ra1 exd5 24. exd5 Rd8 25. Bc4 Bf5 26. g4 Bc2 27. Kf1 Rb4
28. Ba6 Rxd5 29. Kg2 Rb2 30. Kh3 h5 31. Bc4 hxg4+ 32. fxg4 Rd7 33. Kg3 Be4 34.
Rhd1 Rdb7 35. Ba6 R7b3 36. Bc4 Rb4 37. Ba6 Rc2 38. h4 Rb3 39. Kh2 Bf3 40. Re1
Rbb2 41. Kg3 Bxe2 42. Bxe2 Rxe2 43. Rxe2 Rxe2 44. Rxa7 Bd4 45. Kf3 Re3+ 46. Kf4
Re1 47. Ra8+ Kg7 48. Rc8 Rh1 49. Kg3 Be5+ 50. Kf3 Rc1 51. Ke4 Bg3 52. h5 gxh5
53. gxh5 c4 54. Rc5 Bh4 55. Rc7 Bg5 56. Kf5 Bh6 57. Ke4 c3 58. Kd3 c2 59. Ra7
Rh1 60. Kxc2 Rxh5 61. Kd3 Re5 62. Rb7 Kg6 63. Kd4 Re8 64. Kd3 f5 65. Rb1 f4 66.
Rg1+ Kf5 67. Rb1 Bg5 68. Ra1 0-1

[Event "World Rapid Team 2023"]
[Site "Dusseldorf GER"]
[Date "2023.08.27"]
[Round "8.3"]
[Board "1"]
[White "Huschenbeth, Niclas"]
[Black "Aravindh, Chithambaram VR."]
[Result "1-0"]
[WhiteTitle "GM"]
[BlackTitle "GM"]
[WhiteElo "2603"]
[BlackElo "2645"]
[WhiteTeam "Berlin Chess Federation"]
[BlackTeam "Six-pack"]
[WhiteFideId "24604747"]
[BlackFideId "5072786"]
[EventDate "2023.08.26"]

1. d4 d5 2. Nf3 Nf6 3. c3 g6 4. Bf4 Bg7 5. h3 O-O 6. e3 b6 7. Nbd2 Bb7 8. a4 c5
9. a5 Nc6 10. a6 Bc8 11. Bb5 Bd7 12. Qa4 Qe8 13. O-O Rc8 14. Kh1 Nd8 15. Bxd7
Qxd7 16. Qa3 Qf5 17. Bh2 Nd7 18. Rad1 Nc6 19. Rfe1 Rfe8 20. Qa4 Nf6 21. Kg1 h5
22. Ne5 Nxe5 23. dxe5 Nd7 24. e4 dxe4 25. e6 Qxe6 26. Nxe4 Ne5 27. Bxe5 Bxe5 28.
Qd7 Qxd7 29. Rxd7 Bb8 30. Red1 Kf8 31. c4 Be5 32. Rxa7 Red8 33. Rdd7 Rxd7 34.
Rxd7 Ke8 35. Rb7 Ra8 36. a7 Kd8 37. Nc3 f5 38. Nd5 1-0

[Event "World Rapid Team 2023"]
[Site "Dusseldorf GER"]
[Date "2023.08.27"]
[Round "8.3"]
[Board "2"]
[White "Mohammad, Nubairshah Shaikh"]
[Black "Rabiega, Robert"]
[Result "1/2-1/2"]
[WhiteTitle "IM"]
[BlackTitle "GM"]
[WhiteElo "2430"]
[BlackElo "2468"]
[WhiteTeam "Six-pack"]
[BlackTeam "Berlin Chess Federation"]
[WhiteFideId "5053196"]
[BlackFideId "4601475"]
[EventDate "2023.08.26"]

1. d4 d5 2. c4 e6 3. Nc3 c5 4. cxd5 exd5 5. Nf3 Nc6 6. g3 Nf6 7. Bg2 Be7 8. O-O
O-O 9. dxc5 Bxc5 10. Na4 Be7 11. Be3 Ne4 12. Rc1 Re8 13. Nd4 Bd7 14. Nc3 Nxc3
15. Rxc3 Bf6 16. Rc2 Qa5 17. b3 Rac8 18. Nxc6 bxc6 19. Qd2 Qa6 20. Rfc1 h6 21.
Bf1 Qb7 22. Bd4 Be7 23. Qd3 Ba3 24. Bb2 Bxb2 25. Rxb2 Qb6 26. Rbc2 Re5 27. Rc5
Rce8 28. e3 h5 29. h4 Qb4 30. Qd1 g6 31. Bg2 Bg4 32. Qe1 Qxe1+ 33. Rxe1 d4 34.
Rxe5 Rxe5 35. Bxc6 d3 36. f3 d2 37. Rd1 Rc5 38. fxg4 Rxc6 39. Rxd2 hxg4 40. b4
Rc3 41. Kf2 Ra3 42. b5 Kf8 43. Ke2 Ke7 44. Kf2 Ke6 45. Ke2 Ke5 46. Kf2 f5 47.
Ke2 Ke4 48. Rd4+ Ke5 49. Rd2 Ke4 50. Rd4+ Ke5 51. Rd2 Ke4 1/2-1/2